<An> Economic theory of cities spatial models with capital, knowledge, and structures

Saved in:
Bibliographic Details
Main Author: Zhang, Wei-Bin
Format: Book
Language:English
Published: Berlin Springer 2002
Series:Lecture Notes in Economics and Mathematical Systems 512
Subjects:
Tags: Add Tag
No Tags, Be the first to tag this record!

MARC

LEADER 00000nam a2200000 4500
001 c137810
005 20221221091831.4
020 |a 3-540-42767-8 
041 0 |a eng 
044 |a DE 
245 1 0 |a <An> Economic theory of cities  |b spatial models with capital, knowledge, and structures  |c Wei-Bin Zhang 
264 1 |a Berlin  |b Springer  |c 2002 
300 |a 220 s. 
490 1 |a Lecture Notes in Economics and Mathematical Systems  |v 512 
830 0 |a Lecture Notes in Economics and Mathematical Systems  |v 512 
610 2 0 |a teória ekonomická matematická 
610 2 0 |a modely ekonomicko-matematické 
610 2 0 |a aglomerácie sídelné 
610 2 0 |a aglomerácie mestské 
610 2 0 |a populácia 
610 2 0 |a mestá 
610 2 0 |a urbanizácia 
610 2 0 |a urbanizmus 
610 2 0 |a geografia hospodárska 
100 1 |a Zhang, Wei-Bin